000 01349 a2200241 4500
001 62770
005 20260407155921.0
008 260407a2004 arg spa d
003 AR-UNSa-BCEJYS
040 _aAR-UNSa-BCEJYS
_bspa
_cAR-UNSa-BCEJYS
080 _a657:006.3
_xNormas Internacionales de Información Financiera (NIIF)
245 1 0 _aLas normas internacionales de información financiera (NIIF)
_pNormas internacionales de contabilidad
020 _a978-84-9732-327-7
264 1 _aMadrid :
_bThomson
_c2004
300 _axv, 336 p.
_c24 cm.
505 _a1. Introducción - 2. Fuentes normativas, procedimientos y alcance de las normas - 3. El marco conceptual - 4. Los estados financieros. Su preparación y presentación - 5. Operaciones relacionadas con elementos patrimoniales activos, pasivos y con los resultados del ejercicio - 6. Información financiera derivada de situaciones especiales - 7. El tratamiento del impuesto sobre beneficios - 8. Otra información a revelar - 9. Los grupos de empresas. Combinaciones de negocios y consolidación de la información financiera -
041 _aspa
942 _cBK
590 _aniveau_biblio:m niveau_hierar:0
100 1 _aMallo, Carlos
700 1 _aPulido, Antonio
856 4 1 _uhttp://www.biblioeco.unsa.edu.ar/pmb/images/libros/L129365.jpg
_yImagen de portada
_qimage/jpeg
999 _c7797
_d7797